| 000 | 00680nam a22002177a 4500 | ||
|---|---|---|---|
| 003 | OSt | ||
| 005 | 20131209181414.0 | ||
| 008 | 130605s1996 sp ||||| |||| 00| 0 cat d | ||
| 020 | _a848256269X | ||
| 040 |
_cCDMR _bcat |
||
| 100 | 1 |
_92619 _aTerricabras, Josep Maria |
|
| 245 | 1 | 3 |
_aLa comunicació _b: tòpics i mites de filosofia social _cJosep-Maria Terricabras |
| 260 |
_aBarcelona _bProa _c1996 |
||
| 300 | _a194 p. | ||
| 490 | 0 |
_aTemes Contemporanis _v8 |
|
| 586 | _aII Premi Jaume Bofill d'assaig de filosofia | ||
| 650 | 0 | 4 |
_94353 _aComunicació _xFilosofia |
| 650 | 0 | 4 |
_9388 _aComunicació humana |
| 650 | 0 | 4 |
_9980 _aComunicació _xAspectes ètics i morals |
| 942 |
_2udc _cMON |
||
| 999 |
_c6414 _d6414 |
||